Folleto publicado por acuerdo de la Junta Directiva para conmemorar la inauguración del Departamento de Enfermería titulado "Romagosa" y su nueva capilla de la quinta de salud "La Purísima Concepción" (Record no. 151573)

MARC details
000 -LEADER
campo de control de longitud fija 00848nam a2200157 i 4500
001 - NÚMERO DE CONTROL
campo de control 151573
003 - IDENTIFICADOR DE NÚMERO DE CONTROL
campo de control ES-MaACL
005 - FECHA Y HORA DE LA ÚLTIMA TRANSACCIÓN
campo de control 20230906204253.0
008 - DATOS DE LONGITUD FIJA--INFORMACIÓN GENERAL
campo de control de longitud fija 931025s1900 cu f |||| | spa d
110 2# - ENTRADA PRINCIPAL--NOMBRE DE ENTIDAD CORPORATIVA
Nombre de entidad corporativa o nombre de jurisdicción como elemento de entrada Asociación de Dependientes del Comercio de La Habana.
9 (RLIN) 134139
245 10 - MENCIÓN DEL TÍTULO
Título Folleto publicado por acuerdo de la Junta Directiva para conmemorar la inauguración del Departamento de Enfermería titulado "Romagosa" y su nueva capilla de la quinta de salud "La Purísima Concepción"
Resto del título : Mayo 6 de 1900 /
Mención de responsabilidad, etc. Asociación de Dependientes del Comercio de la Habana.
260 ## - PUBLICACIÓN, DISTRIBUCIÓN, ETC.
Lugar de publicación, distribución, etc. La Habana :
Nombre del editor, distribuidor, etc. [s.n.],
Fecha de publicación, distribución, etc. 1900 (
Fabricante Imp. Avisador Comercial)
300 ## - DESCRIPCIÓN FÍSICA
Extensión 188 p., 44 h. de lám. ;
Dimensiones 23 cm.
594 ## - Nota al título y mención de responsabilidad
Nota al título y mención de responsabilidad Tít. de la cub.: Veinte años de labor.
852 ## - LOCALIZACIÓN
Ubicación ES-MaACL
Número de control de estantería T-987-F-8
Nota libre -- Enc. hol., conservando la cub. original
-- -- Enc. en un vol. facticio
Holdings
Estatus retirado Estado de pérdida Estado de daño No para préstamo Colección Biblioteca de origen Biblioteca actual Ubicación en estantería Fecha de adquisición Total de préstamos Signatura topográfica completa Código de barras Visto por última vez Precio de reemplazo Tipo de ítem Koha
        Colección de folletos Biblioteca del Ateneo de Madrid Biblioteca del Ateneo de Madrid Depósito folletos 17/01/2008   T-987-F-8 1158164 23/02/2023 23/02/2023 Folleto